Kadra Arsenalu w LM 2010/2011 - Statystyki

Ogólne statystyki
  • Ten quiz został rozwiązany 102 razy
  • Średni wynik to 16 z 26
Statystyki odpowiedzi
pozycja kraj piłkarz % Poprawnych
B POL Wojciech Szczęsny
100%
B POL Łukasz Fabiański
99%
P CZE Tomas Rosicky
88%
N NED Robin van Persie
87%
P WAL Aaron Ramsey
84%
Trener FRA Arsene Wenger
84%
O FRA Laurent Koscielny
80%
N DEN Nicklas Bendtner
80%
P ESP Cesc Fabregas
76%
O FRA Bacary Sagna
72%
B ESP Manuel Almunia
68%
P RUS Andriej Arszawin
66%
P CAM Alex Song
61%
P ENG Jack Wilshere
60%
O FRA Gael Clichy
57%
O BEL Thomas Vermaelen
57%
N ENG Theo Walcott
53%
N MAR Marouane Chamakh
52%
O SUI Johan Djourou
47%
N MEX Carlos Vela
42%
P FRA Samir Nasri
40%
O ENG Kieran Gibbs
38%
P FRA Abou Diaby
34%
P WKS Emmanuel Eboue
24%
O FRA Sebastian Squillaci
22%
P BRA Denilson
21%
Nie znaleziono quizów pasujących do podanych kryteriów
Rozkład punktacji
Procent ludzi z każdym wynikiem
Percentyl według liczby udzielonych odpowiedzi
Twoja historia wyników
Nie rozwiązałeś tego quizu